| 000 | 01026nam a2200301 i 4500 | ||
|---|---|---|---|
| 001 | 46997 | ||
| 003 | KOSZ 005 | ||
| 005 | 20200630132831.0 | ||
| 008 | 080914s1962 pl a f 001 0 pol | ||
| 015 | _aPB 1962/8098 | ||
| 040 |
_aWA N _cKOSZ 005/RW _dKOSZ 005/RW |
||
| 080 | _a519+513 | ||
| 100 | 1 |
_aKuratowski, Kazimierz _d(1896-1980). _eAutor |
|
| 245 | 1 | 0 |
_aWstęp do teorii mnogości i topologii / _cKazimierz Kuratowski. |
| 250 | _aWyd. 2 zm. | ||
| 260 |
_aWarszawa : _bPaństwowe Wydawnictwo Naukowe, _c1962. |
||
| 300 |
_a254, [2] s. : _bil. ; _c25 cm. |
||
| 380 | _aKsiążki. | ||
| 490 | 1 |
_aBiblioteka Matematyczna ; _vt. 9. |
|
| 504 | _aIndeks. | ||
| 655 | 4 | _aPodręczniki akademickie | |
| 650 | 4 | _aTopologia | |
| 650 | 4 | _aTeoria mnogości | |
| 710 | 2 |
_aPaństwowe Wydawnictwo Naukowe _4pbl. |
|
| 830 | 0 |
_aBiblioteka Matematyczna, _vt. 9. |
|
| 856 |
_uhttp://koha.tu.koszalin.pl/cgi-bin/koha/opac-detail.pl?biblionumber=46997 _yKatalog online BPK |
||
| 942 |
_2UKD _cKS |
||
| 999 |
_c46997 _d46997 |
||